[Event "BL 1011 SK Delmenhorst - Solinger SG"]
[Site "?"]
[Date "2011.03.19"]
[Round "12.8"]
[White "Kuegel, Tobias"]
[Black "Ernst, Sipke"]
[Result "0-1"]
[WhiteElo "2012"]
[BlackElo "2587"]
[PlyCount "116"]
[EventDate "2011.??.??"]

1. e4 e5 2. Bc4 Nf6 3. Nf3 Nc6 4. Nc3 Bc5 5. d3 d6 6. Bg5 h6 7. Be3 Bb6 8. h3
Be6 9. Bxe6 fxe6 10. Bxb6 axb6 11. d4 exd4 12. Nxd4 Qd7 13. O-O O-O 14. f4 e5
15. Nxc6 Qxc6 16. fxe5 Qc5+ 17. Kh1 Qxe5 18. Rf5 Nxe4 19. Rxf8+ Rxf8 20. Qd5+
Qxd5 21. Nxd5 Rf2 22. Rc1 Ng3+ 23. Kh2 Ne2 24. Rd1 Rf7 25. Re1 Nf4 26. Re8+ Kh7
27. Nxf4 Rxf4 28. Rb8 Rf2 29. c4 Rxb2 30. Rxb7 c5 31. Rd7 Rd2 32. Rb7 Rxa2 33.
Rxb6 Rd2 34. Rb7 Kg6 35. Rd7 h5 36. Kg3 Kf6 37. h4 Rd4 38. Kh3 g6 39. g3 Ke6
40. Rg7 Kf5 41. Rf7+ Ke4 42. Rf6 Kd3 43. Rxg6 Kxc4 44. g4 Rxg4 45. Rxg4+ hxg4+
46. Kxg4 Kd5 47. Kf5 c4 48. h5 c3 49. h6 c2 50. h7 c1=Q 51. h8=Q Qc2+ 52. Kg4
Qe4+ 53. Kg3 Qe5+ 54. Qxe5+ Kxe5 55. Kf2 Kd4 56. Ke1 Kd3 57. Kd1 d5 58. Kc1 Ke2
0-1

[Event "BL 1011 Werder Bremen - SC Remagen"]
[Site "?"]
[Date "2011.03.19"]
[Round "12.1"]
[White "Fedorchuk, Sergey"]
[Black "Eljanov, Pavel"]
[Result "1-0"]
[WhiteElo "2671"]
[BlackElo "2761"]
[PlyCount "71"]
[EventDate "2011.??.??"]

1. e4 e5 2. Nf3 Nc6 3. Bb5 Nf6 4. d3 Bc5 5. c3 O-O 6. O-O d6 7. Bg5 h6 8. Bh4
g5 9. Bg3 Nh5 10. d4 Bb6 11. Na3 Nxg3 12. hxg3 g4 13. Nh2 exd4 14. Bxc6 bxc6
15. cxd4 d5 16. e5 Qg5 17. Nc2 f6 18. Re1 Bf5 19. Nb4 fxe5 20. Rxe5 Rf6 21. Na6
Raf8 22. a4 Qg7 23. a5 Bc2 24. Qxg4 Qxg4 25. Nxg4 Bxd4 26. Nxf6+ Rxf6 27. Re2
Bb3 28. Rd2 c5 29. Nxc7 Bc4 30. Rb1 Rc6 31. b3 Rxc7 32. bxc4 dxc4 33. Re2 c3
34. a6 Kf8 35. Rb8+ Kf7 36. Rb7 1-0

[Event "BL 1011 Werder Bremen - SC Remagen"]
[Site "?"]
[Date "2011.03.19"]
[Round "12.3"]
[White "Dgebuadze, Alexandre"]
[Black "Fressinet, Laurent"]
[Result "0-1"]
[WhiteElo "2524"]
[BlackElo "2718"]
[PlyCount "96"]
[EventDate "2011.??.??"]

1. e4 e5 2. Nf3 Nc6 3. Bb5 a6 4. Ba4 Nge7 5. c3 g6 6. d4 exd4 7. cxd4 b5 8. Bb3
Bg7 9. O-O O-O 10. Nc3 d6 11. h3 Bb7 12. Re1 Na5 13. Bc2 c5 14. Bg5 h6 15. Bh4
cxd4 16. Nxd4 Rc8 17. Rb1 Re8 18. Bb3 Nxb3 19. axb3 Qd7 20. Qd2 d5 21. Nf3 d4
22. Rbd1 Rcd8 23. Qd3 g5 24. Bg3 Qe6 25. Nb1 Nc6 26. Nbd2 Nb4 27. Qb1 d3 28. e5
Nc2 29. Re4 Qf5 30. Rg4 f6 31. exf6 Bxf6 32. Nh4 Qd5 33. f3 Ne3 34. Ne4 Bg7 35.
Bf2 Nxg4 36. hxg4 gxh4 37. Bxh4 Qd4+ 38. Nf2 Qxb2 39. Qxb2 Bxb2 40. Bxd8 Rxd8
41. Nxd3 Bf6 42. Kf2 a5 43. Ke3 a4 44. bxa4 bxa4 45. Rb1 a3 46. Nb4 Bd5 47.
Nxd5 Rxd5 48. Rb8+ Rd8 0-1

[Event "BL 1011 Werder Bremen - SC Remagen"]
[Site "?"]
[Date "2011.03.19"]
[Round "12.6"]
[White "Areshchenko, Alexander"]
[Black "Michiels, Bart"]
[Result "1/2-1/2"]
[WhiteElo "2664"]
[BlackElo "2459"]
[PlyCount "100"]
[EventDate "2011.??.??"]

1. e4 e6 2. d4 d5 3. Nc3 Nf6 4. Bg5 dxe4 5. Nxe4 Nbd7 6. Nf3 h6 7. Nxf6+ Nxf6
8. Bh4 c5 9. Bd3 cxd4 10. Nxd4 Be7 11. c3 O-O 12. Qe2 Bd7 13. O-O Qb6 14. Nf3
Rfd8 15. Ne5 Be8 16. Kh1 Qc7 17. Bg3 Qb6 18. f4 Nd7 19. Nc4 Qa6 20. Ne5 Qb6 21.
f5 Nxe5 22. Bxe5 exf5 23. Rxf5 f6 24. Bd4 Qc7 25. Re1 Kf8 26. Bc4 Bf7 27. Bxf7
Kxf7 28. Qe6+ Kf8 29. Rf3 Qd7 30. Qe4 Re8 31. Qh7 Kf7 32. h3 Rh8 33. Qc2 Rhe8
34. Qb3+ Kf8 35. Rfe3 b6 36. Qc4 Rad8 37. Qd3 Bd6 38. Rd1 Rxe3 39. Qxe3 Qe7 40.
Qxe7+ Kxe7 41. g4 h5 42. Kg2 hxg4 43. hxg4 Rh8 44. Bf2 Rh2+ 45. Kg1 Rh6 46. Rd4
Ke6 47. Ra4 Bb8 48. Re4+ Be5 49. Ra4 Bb8 50. Re4+ Be5 1/2-1/2

[Event "BL 1011 Werder Bremen - SC Remagen"]
[Site "?"]
[Date "2011.03.19"]
[Round "12.8"]
[White "Llaneza Vega, Marcos"]
[Black "Kipper, Jens"]
[Result "1/2-1/2"]
[WhiteElo "2467"]
[BlackElo "2394"]
[PlyCount "72"]
[EventDate "2011.??.??"]

1. e4 e6 2. d4 d5 3. Nc3 Nf6 4. e5 Nfd7 5. f4 c5 6. Nf3 Nc6 7. Be3 cxd4 8. Nxd4
Bc5 9. Qd2 O-O 10. O-O-O a6 11. Qf2 Bxd4 12. Bxd4 b5 13. Be3 Qa5 14. Kb1 b4 15.
Ne2 Qc7 16. h4 a5 17. h5 Ba6 18. Nd4 Nxd4 19. Bxd4 Rfc8 20. f5 Nc5 21. Bxa6
Rxa6 22. f6 gxf6 23. exf6 Kh8 24. Qe2 Rc6 25. Be5 Qd8 26. Rh4 Nd7 27. Rg4 Nxe5
28. Qxe5 Rxc2 29. Qg5 Qf8 30. h6 Rf2 31. Rh1 Rcc2 32. Qg7+ Qxg7 33. hxg7+ Kg8
34. Rxh7 Rxb2+ 35. Kc1 Rbc2+ 36. Kb1 Rb2+ 1/2-1/2

[Event "BL 1011 SV Mülheim Nord - OSG Baden Bad"]
[Site "?"]
[Date "2011.03.19"]
[Round "12.1"]
[White "Shirov, Alexei"]
[Black "Fridman, Daniel"]
[Result "1-0"]
[WhiteElo "2749"]
[BlackElo "2645"]
[PlyCount "91"]
[EventDate "2011.??.??"]

1. d4 d5 2. c4 e6 3. Nc3 Be7 4. cxd5 exd5 5. Bf4 Nf6 6. e3 Bf5 7. Nge2 O-O 8.
Ng3 Be6 9. Bd3 c5 10. dxc5 Bxc5 11. O-O Nc6 12. Rc1 d4 13. Nce4 Be7 14. Nxf6+
Bxf6 15. Ne4 Re8 16. Qh5 g6 17. Qb5 Be7 18. Qxb7 dxe3 19. Bb5 Nd4 20. Bxe8 Ne2+
21. Kh1 Nxc1 22. Rxc1 Qxe8 23. Bxe3 Qd8 24. Nc3 Bf6 25. Rd1 Qc8 26. Qf3 Bg7 27.
h3 Rb8 28. Bxa7 Rxb2 29. Bd4 Qc7 30. Bf6 Rb8 31. a4 h6 32. Nb5 Qc4 33. Bxg7
Kxg7 34. Rd4 Qf1+ 35. Kh2 Rc8 36. Rd1 Qc4 37. Nd6 Qc7 38. Qg3 Qc2 39. Qe5+ Kh7
40. Nxc8 Qxd1 41. Nb6 Qc2 42. f3 Qd2 43. a5 Qb4 44. Na8 Bc4 45. Nc7 f6 46. Qd4
1-0

[Event "BL 1011 SV Mülheim Nord - OSG Baden Bad"]
[Site "?"]
[Date "2011.03.19"]
[Round "12.2"]
[White "Potkin, Vladimir"]
[Black "Svidler, Peter"]
[Result "1/2-1/2"]
[WhiteElo "2630"]
[BlackElo "2731"]
[PlyCount "41"]
[EventDate "2011.??.??"]

1. d4 Nf6 2. c4 g6 3. Nc3 Bg7 4. g3 d5 5. cxd5 Nxd5 6. Bg2 Nxc3 7. bxc3 c5 8.
Nf3 Nc6 9. O-O cxd4 10. Nxd4 Na5 11. Qa4+ Bd7 12. Qa3 Rc8 13. Rd1 Qb6 14. Qb4
Qxb4 15. cxb4 Ba4 16. Rd3 Nc6 17. Be3 Nxd4 18. Bxd4 Bxd4 19. Rxd4 Rc7 20. Be4
O-O 21. Bd3 1/2-1/2

[Event "BL 1011 SV Mülheim Nord - OSG Baden Bad"]
[Site "?"]
[Date "2011.03.19"]
[Round "12.3"]
[White "Movsesian, Sergej"]
[Black "Tregubov, Pavel V"]
[Result "1-0"]
[WhiteElo "2723"]
[BlackElo "2598"]
[PlyCount "59"]
[EventDate "2011.??.??"]

1. e4 c5 2. Nc3 Nc6 3. Nf3 g6 4. d4 cxd4 5. Nxd4 Bg7 6. Be3 Nf6 7. Bc4 O-O 8.
Bb3 d6 9. h3 Nxd4 10. Bxd4 b5 11. O-O Bb7 12. Qd3 b4 13. Nd5 e6 14. Nxf6+ Bxf6
15. a3 bxa3 16. Rxa3 Bxd4 17. Qxd4 Qb6 18. Rd1 Rfd8 19. Qf6 Qc5 20. Ra4 a5 21.
Qe7 Ba6 22. Rad4 Bb5 23. Rxd6 Re8 24. Qf6 a4 25. Ba2 Ra6 26. Rxa6 Bxa6 27. Rd7
Qf8 28. e5 Bb5 29. Rc7 Rc8 30. Rxf7 1-0

[Event "BL 1011 SV Mülheim Nord - OSG Baden Bad"]
[Site "?"]
[Date "2011.03.19"]
[Round "12.4"]
[White "Landa, Konstantin"]
[Black "Bacrot, Etienne"]
[Result "1/2-1/2"]
[WhiteElo "2611"]
[BlackElo "2716"]
[PlyCount "107"]
[EventDate "2011.??.??"]

1. d4 d5 2. c4 c6 3. cxd5 cxd5 4. Bf4 Nf6 5. Nc3 Nc6 6. e3 a6 7. Bd3 Bg4 8.
Nge2 e6 9. Rc1 Be7 10. f3 Bh5 11. Na4 Nd7 12. Qb3 Na5 13. Qc3 Nc6 14. Qb3 Na5
15. Qc3 Nc6 16. O-O Rc8 17. Rc2 O-O 18. Rfc1 Ra8 19. a3 Bg6 20. Bxg6 hxg6 21.
Bg3 g5 22. h3 Re8 23. b4 Nb6 24. Nxb6 Qxb6 25. Qd3 Rec8 26. Nc3 Na7 27. Na4
Rxc2 28. Rxc2 Qb5 29. Qxb5 Nxb5 30. Nb6 Re8 31. a4 Na3 32. Rc7 Bxb4 33. Rxb7 a5
34. Rc7 Rb8 35. Rc6 Rb7 36. Kf2 Kf8 37. Ke2 Ke8 38. Kd3 Be7 39. Bc7 Nc4 40.
Nxc4 Rb3+ 41. Kc2 dxc4 42. Bxa5 Rxe3 43. Rxc4 Re2+ 44. Kb3 Rxg2 45. Bb6 Rg3 46.
a5 Rxf3+ 47. Ka4 Rxh3 48. a6 Ra3+ 49. Kb5 Bd8 50. Rc8 Rb3+ 51. Ka5 Ra3+ 52. Kb5
Rb3+ 53. Ka5 Ra3+ 54. Kb5 1/2-1/2

[Event "BL 1011 SV Mülheim Nord - OSG Baden Bad"]
[Site "?"]
[Date "2011.03.19"]
[Round "12.5"]
[White "Adams, Michael"]
[Black "Golod, Vitali"]
[Result "1-0"]
[WhiteElo "2728"]
[BlackElo "2591"]
[PlyCount "167"]
[EventDate "2011.??.??"]

1. e4 e5 2. Nf3 Nc6 3. Bb5 a6 4. Ba4 Nf6 5. O-O Nxe4 6. d4 b5 7. Bb3 d5 8. dxe5
Be6 9. Nbd2 Nc5 10. c3 d4 11. Bxe6 Nxe6 12. cxd4 Ncxd4 13. Ne4 Be7 14. Be3 Nf5
15. Qc2 O-O 16. Neg5 Nxg5 17. Bxg5 g6 18. Rad1 Qe8 19. g4 Ng7 20. Bh6 Qc8 21.
Qe4 c5 22. Ng5 Ra7 23. h3 Rd8 24. Qf3 Bxg5 25. Bxg5 Rxd1 26. Rxd1 Ne6 27. Bh6
c4 28. Rd6 a5 29. Rb6 b4 30. Rc6 Rc7 31. Rxc7 Qxc7 32. Qa8+ Qd8 33. Qc6 Nd4 34.
Qxc4 Nf3+ 35. Kg2 Nxe5 36. Qe4 f6 37. b3 Nf7 38. Be3 Kg7 39. Bc5 g5 40. Qb7 Qe8
41. Be7 h6 42. Kh2 Qh8 43. Qb6 Kg6 44. Qxa5 Qb8+ 45. Kg1 Ne5 46. Qd5 Kg7 47.
Qd6 Qxd6 48. Bxd6 Nd3 49. Kf1 Kf7 50. f3 Ke6 51. Bf8 Kf7 52. Bd6 Ke6 53. Bf8
Kf7 54. Bxh6 Nc1 55. f4 Kg6 56. fxg5 fxg5 57. Bf8 Nxa2 58. Ke2 Nc1+ 59. Ke3
Nxb3 60. Bxb4 Kf6 61. Ke4 Ke6 62. Ke3 Kf6 63. Kd3 Nc1+ 64. Kd2 Nb3+ 65. Ke3 Kg6
66. Kd3 Nc1+ 67. Ke3 Nb3 68. Ke4 Nc1 69. Bd6 Ne2 70. Bh2 Nc3+ 71. Kd4 Nb5+ 72.
Kc4 Na3+ 73. Kd5 Nc2 74. Bd6 Ne3+ 75. Kd4 Nd1 76. Bg3 Nb2 77. Bf2 Kf6 78. Bg1
Ke6 79. Kc3 Na4+ 80. Kb3 Kd5 81. Kxa4 Ke4 82. Bh2 Kf3 83. Bd6 Kg2 84. h4 1-0

[Event "BL 1011 SV Mülheim Nord - OSG Baden Bad"]
[Site "?"]
[Date "2011.03.19"]
[Round "12.7"]
[White "Naiditsch, Arkadij"]
[Black "Hausrath, Daniel"]
[Result "1-0"]
[WhiteElo "2674"]
[BlackElo "2537"]
[PlyCount "71"]
[EventDate "2011.??.??"]

1. e4 c5 2. Nf3 g6 3. d4 cxd4 4. Qxd4 Nf6 5. Nc3 Nc6 6. Qa4 d6 7. e5 dxe5 8.
Nxe5 Bg7 9. Bb5 O-O 10. Nxc6 bxc6 11. Bxc6 Rb8 12. O-O Qc7 13. Re1 Bb7 14. Bxb7
Rxb7 15. Bf4 Qc5 16. Re5 Qb4 17. Qxb4 Rxb4 18. Bc1 e6 19. Ra5 Rd8 20. Kf1 Rd7
21. Ke2 Nd5 22. Nxd5 exd5 23. c3 Re4+ 24. Be3 f5 25. Kf3 Rb7 26. Rd1 Rxb2 27.
Rxa7 Bxc3 28. Rxd5 Re8 29. h4 f4 30. Kxf4 Rb4+ 31. Kg3 Be5+ 32. Kh3 Bb8 33.
Rad7 Rb1 34. Rd1 Rxd1 35. Rxd1 Kf7 36. Rd7+ 1-0

[Event "BL 1011 SV Mülheim Nord - OSG Baden Bad"]
[Site "?"]
[Date "2011.03.19"]
[Round "12.8"]
[White "Feygin, Michael"]
[Black "Gustafsson, Jan"]
[Result "0-1"]
[WhiteElo "2526"]
[BlackElo "2646"]
[PlyCount "82"]
[EventDate "2011.??.??"]

1. e4 e5 2. Nf3 Nc6 3. Bc4 Bc5 4. c3 Nf6 5. b4 Bb6 6. d3 d6 7. a4 a5 8. b5 Ne7
9. Nbd2 Ng6 10. O-O O-O 11. Bb3 c6 12. Nc4 Bc7 13. Re1 Re8 14. Ne3 d5 15. Qc2
h6 16. Ba3 Be6 17. c4 d4 18. Nf1 Qd7 19. c5 Bh3 20. Bc1 Nh5 21. g3 Nhf4 22.
Bxf4 exf4 23. b6 Be5 24. Qc1 Rad8 25. Ra2 Bb8 26. Bd1 Kh8 27. N1d2 fxg3 28.
fxg3 Nf4 29. Be2 Ng2 30. Rd1 Ne3 31. Re1 f5 32. Nh4 g5 33. Nxf5 Bxf5 34. Bh5
Be6 35. Bxe8 Rxe8 36. Rb2 Rf8 37. Nf1 Ng4 38. Qd2 Ne5 39. Kh1 Nf3 40. Qf2 Kg7
41. Ra1 Ne5 0-1

[Event "BL 1011 SF Katernberg - SC Eppingen"]
[Site "?"]
[Date "2011.03.19"]
[Round "12.1"]
[White "Berkes, Ferenc"]
[Black "Chuchelov, Vladimir"]
[Result "1-0"]
[WhiteElo "2678"]
[BlackElo "2565"]
[PlyCount "77"]
[EventDate "2011.??.??"]

1. d4 Nf6 2. c4 e6 3. Nc3 Bb4 4. Bg5 c5 5. d5 h6 6. Bh4 d6 7. e3 Bxc3+ 8. bxc3
e5 9. Qc2 Qe7 10. Nf3 Nbd7 11. Nd2 g5 12. Bg3 Nh5 13. Bd3 Ndf6 14. f3 Nxg3 15.
hxg3 g4 16. Bf5 Kd8 17. Ke2 Kc7 18. Raf1 Bd7 19. fxg4 Nxg4 20. Bxd7 Qxd7 21.
Qf5 f6 22. Ne4 Rag8 23. Qxd7+ Kxd7 24. Nxf6+ Nxf6 25. Rxf6 Rxg3 26. Rf7+ Kc8
27. Rb1 Rxg2+ 28. Kf3 Rxa2 29. Rfxb7 Rd8 30. Ke4 Ra6 31. R1b5 h5 32. Kf5 Rb6
33. Rxa7 Rb8 34. Ke6 h4 35. Rh7 h3 36. Rxh3 Ra8 37. Rh7 Ra6 38. Rhb7 Re8+ 39.
Kf7 1-0

[Event "BL 1011 SF Katernberg - SC Eppingen"]
[Site "?"]
[Date "2011.03.19"]
[Round "12.2"]
[White "Bischoff, Klaus"]
[Black "Tiviakov, Sergei"]
[Result "1-0"]
[WhiteElo "2553"]
[BlackElo "2637"]
[PlyCount "89"]
[EventDate "2011.??.??"]

1. c4 e5 2. Nc3 Nf6 3. Nf3 Nc6 4. d3 d5 5. cxd5 Nxd5 6. e3 Be7 7. Be2 O-O 8.
Bd2 Nb6 9. a3 a5 10. b3 Be6 11. O-O f5 12. Qc2 Bf6 13. Rfc1 Qe7 14. Be1 Rfd8
15. Nd2 Nd5 16. Nb5 f4 17. e4 Nb6 18. Nf3 Rd7 19. h3 h5 20. b4 axb4 21. axb4
Rxa1 22. Rxa1 Nxb4 23. Qb1 c5 24. d4 exd4 25. e5 d3 26. exf6 Qxf6 27. Bf1 Nc2
28. Bc3 Qe7 29. Bxd3 Nxa1 30. Bh7+ Kh8 31. Ne5 Qg5 32. h4 Qh6 33. Nxd7 Nxd7 34.
Be4 Nb3 35. Nc7 Nd4 36. Bxd4 cxd4 37. Qb5 Bg4 38. f3 Qd6 39. fxg4 Nf6 40. Ne8
Qa3 41. Nxf6 Qe3+ 42. Kf1 Qc1+ 43. Ke2 d3+ 44. Qxd3 Qb2+ 45. Qc2 1-0

[Event "BL 1011 SF Katernberg - SC Eppingen"]
[Site "?"]
[Date "2011.03.19"]
[Round "12.3"]
[White "Postny, Evgeny"]
[Black "Glek, Igor V"]
[Result "1-0"]
[WhiteElo "2595"]
[BlackElo "2467"]
[PlyCount "117"]
[EventDate "2011.??.??"]

1. d4 e6 2. c4 f5 3. g3 Nf6 4. Bg2 Be7 5. Nf3 O-O 6. O-O d6 7. b3 Ne4 8. Bb2
Nd7 9. Nc3 Ndf6 10. e3 Nxc3 11. Bxc3 Ne4 12. Bb2 a5 13. a3 Bd7 14. Qc2 c6 15.
c5 d5 16. Ne5 Be8 17. b4 axb4 18. axb4 b5 19. Rxa8 Qxa8 20. Ra1 Qb7 21. f3 Ng5
22. Bc3 Bf6 23. Nd3 Bd7 24. Qa2 Rb8 25. Qa7 g6 26. Qxb7 Rxb7 27. Ra8+ Kg7 28.
Kf2 Nf7 29. e4 g5 30. Ne5 h5 31. Bf1 fxe4 32. fxe4 g4 33. Bd3 Bxe5 34. dxe5
dxe4 35. Bxe4 Ng5 36. Bg2 Rc7 37. Bd2 Nf3 38. Bxf3 gxf3 39. Rd8 Ra7 40. Kxf3
Kf7 41. Rh8 Ra3+ 42. Ke2 Be8 43. Rxh5 Kg7 44. Rh4 Bg6 45. Rd4 Bb1 46. Rd6 Ba2
47. Rxc6 Kg6 48. Rd6 Bc4+ 49. Kd1 Bd5 50. g4 Bf3+ 51. Kc1 Bxg4 52. c6 Ra8 53.
Be3 Kf5 54. c7 Rc8 55. Bb6 Bf3 56. Rd8 Bb7 57. Kd2 Kxe5 58. Ke3 Kf5 59. Kd4 1-0

[Event "BL 1011 SF Katernberg - SC Eppingen"]
[Site "?"]
[Date "2011.03.19"]
[Round "12.5"]
[White "Acs, Peter"]
[Black "Ris, Robert"]
[Result "1/2-1/2"]
[WhiteElo "2601"]
[BlackElo "2416"]
[PlyCount "151"]
[EventDate "2011.??.??"]

1. e4 e5 2. Nf3 Nc6 3. Bb5 Nf6 4. O-O Bc5 5. c3 O-O 6. d4 Bb6 7. Nbd2 exd4 8.
e5 Ne8 9. cxd4 Nxd4 10. Nxd4 Bxd4 11. Nf3 Bc5 12. Bg5 Be7 13. Bxe7 Qxe7 14. Re1
a6 15. Qa4 g6 16. Rad1 Ng7 17. Bc4 Ne6 18. Bb3 d6 19. exd6 cxd6 20. Qf4 Nxf4
21. Rxe7 Be6 22. g3 Bg4 23. gxf4 Bxf3 24. Rxd6 Rac8 25. h4 Rc1+ 26. Kh2 Bc6 27.
f5 gxf5 28. Kg3 Rg1+ 29. Kf4 Rg4+ 30. Kxf5 Rxh4 31. Rf6 Rh5+ 32. Kg4 Rb5 33.
Rf4 Bd5 34. Bxd5 Rxd5 35. Rxb7 a5 36. b3 Kg7 37. Rf5 Rd4+ 38. Kf3 a4 39. Ke3
Rd1 40. bxa4 Ra1 41. Rb2 Kg6 42. Rc5 Re8+ 43. Kf4 Rd1 44. Rc6+ f6 45. Rbb6 Rd4+
46. Kg3 Rxa4 47. Rxf6+ Kg7 48. Rfc6 Rxa2 49. Rb7+ Kg8 50. Rcc7 Ra6 51. Rg7+ Kh8
52. Rxh7+ Kg8 53. Rbg7+ Kf8 54. Rg5 Ree6 55. Rh8+ Kf7 56. Rhg8 Ra4 57. R5g7+
Kf6 58. Rb7 Re1 59. Rf8+ Kg6 60. f3 Rg1+ 61. Kf2 Rc1 62. Rb2 Rac4 63. Rbb8
R4c2+ 64. Kg3 Rg1+ 65. Kf4 Rc4+ 66. Ke5 Rg5+ 67. Kd6 Rgc5 68. Rb6 Kg7 69. Re8
Rf5 70. Re7+ Kg6 71. Re6+ Kg5 72. Rb3 Kf4 73. Rh6 Rd4+ 74. Kc6 Rc4+ 75. Kb6 Kg5
76. Rh1 1/2-1/2

[Event "BL 1011 SF Katernberg - SC Eppingen"]
[Site "?"]
[Date "2011.03.19"]
[Round "12.6"]
[White "Siebrecht, Sebastian"]
[Black "Braun, Arik"]
[Result "0-1"]
[WhiteElo "2421"]
[BlackElo "2538"]
[PlyCount "88"]
[EventDate "2011.??.??"]

1. c4 Nf6 2. Nf3 e6 3. d4 b6 4. g3 Bb7 5. Bg2 Be7 6. Nc3 O-O 7. Qc2 d5 8. Bg5
Nbd7 9. cxd5 Nxd5 10. Bxe7 Qxe7 11. Nxd5 Bxd5 12. O-O Rac8 13. Rfd1 c5 14. Qa4
cxd4 15. Nxd4 Nc5 16. Qa3 Rfd8 17. e4 Ba8 18. Nb3 g6 19. h4 a5 20. Bf3 Kg7 21.
Nxc5 Rxc5 22. b4 Rxd1+ 23. Rxd1 Rc2 24. Qd3 Qc7 25. bxa5 bxa5 26. Rd2 Rc3 27.
Qe2 Qc5 28. Bg2 Rxg3 29. Rd8 Bc6 30. Qb2+ Qc3 31. Qxc3+ Rxc3 32. Rc8 e5 33. a3
Rc1+ 34. Kh2 Rc2 35. Rd8 Rxf2 36. Kg1 Ra2 37. Rc8 Bd7 38. Rc5 Rxa3 39. Rxe5 Be6
40. h5 a4 41. hxg6 hxg6 42. Ra5 Ra1+ 43. Kh2 a3 44. Bh3 Bc4 0-1

[Event "BL 1011 SF Katernberg - SC Eppingen"]
[Site "?"]
[Date "2011.03.19"]
[Round "12.7"]
[White "Ruck, Robert"]
[Black "Scholz, Christian"]
[Result "1-0"]
[WhiteElo "2555"]
[BlackElo "2387"]
[PlyCount "155"]
[EventDate "2011.??.??"]

1. Nf3 Nf6 2. c4 g6 3. d4 Bg7 4. g3 d5 5. cxd5 Nxd5 6. Bg2 Nb6 7. Nc3 Nc6 8. e3
O-O 9. O-O Re8 10. Re1 e5 11. d5 Na5 12. e4 c6 13. b3 cxd5 14. exd5 e4 15. Nxe4
Rxe4 16. Rxe4 Bxa1 17. Bg5 Bf6 18. Bxf6 Qxf6 19. Re8+ Kg7 20. Qe1 Bg4 21. Rxa8
Nxa8 22. Ne5 Bf5 23. b4 b6 24. bxa5 bxa5 25. h4 h5 26. Nc6 a4 27. Qb4 Qa1+ 28.
Kh2 Nb6 29. a3 Nd7 30. Qxa4 Nf6 31. Qd4 Qxa3 32. Nxa7 Qd6 33. Nb5 Qd8 34. Nc3
Kg8 35. Bf3 Qd6 36. Nb5 Qd8 37. Kg1 Bd7 38. Nc3 Bf5 39. Qe5 Nd7 40. Qf4 Qf6 41.
Qd2 Ne5 42. Be2 Kf8 43. Qe3 Qd6 44. Qd4 Qf6 45. Kg2 Ke7 46. Nb5 Kf8 47. Nc3 Ke7
48. Qe3 Kf8 49. f3 Nd7 50. Qd2 Nc5 51. Nb5 Bd7 52. Nc3 Qf5 53. Kg1 Qf6 54. Qe3
Nb3 55. Kf2 Bf5 56. Nb5 Qb2 57. Nd6 Bd7 58. Nc4 Qc2 59. Qe4 Qc3 60. Qe3 Qc2 61.
Qe5 Kg8 62. Ne3 Qa2 63. Qc3 Ba4 64. Qc4 Bd7 65. Qc3 Ba4 66. Ke1 Qb1+ 67. Bd1
Na1 68. d6 Bxd1 69. Nxd1 Nc2+ 70. Kd2 Na1 71. d7 Qa2+ 72. Nb2 Qd5+ 73. Nd3 Qxd7
74. Qxa1 Qh3 75. Qg1 Qf5 76. Ke2 g5 77. Qd4 f6 78. Qe4 1-0

[Event "BL 1011 SF Katernberg - SC Eppingen"]
[Site "?"]
[Date "2011.03.19"]
[Round "12.8"]
[White "Rosen, Bernd"]
[Black "Medvegy, Zoltan"]
[Result "0-1"]
[WhiteElo "2353"]
[BlackElo "2531"]
[PlyCount "104"]
[EventDate "2011.??.??"]

1. Nf3 g6 2. g3 Bg7 3. Bg2 e5 4. e4 c5 5. d3 Nc6 6. Be3 d6 7. O-O Nge7 8. Nc3
Nd4 9. Ne1 O-O 10. Qd2 Be6 11. Nd1 Qd7 12. c3 Ndc6 13. f4 b6 14. Nf3 exf4 15.
Bxf4 d5 16. e5 d4 17. c4 Nf5 18. Nf2 Ne3 19. Bxe3 dxe3 20. Qxe3 Rad8 21. Rad1
Rfe8 22. Kh1 Bf5 23. Qf4 Nxe5 24. Nxe5 Bxe5 25. Qh4 Bxb2 26. g4 Be6 27. Ne4 Bg7
28. Ng5 h6 29. Nxe6 Qxe6 30. Rde1 Be5 31. Be4 Kg7 32. Qf2 Bd4 33. Qg2 Re7 34.
Rf5 Qd6 35. Rf3 Qe5 36. Ref1 Rdd7 37. Bc6 Rc7 38. Bd5 b5 39. Rf4 b4 40. Qf3 Qe3
41. Qd1 a5 42. Be4 Be5 43. R4f3 Qd4 44. Qa4 Qd7 45. Qd1 a4 46. Bd5 Qe8 47. h4
b3 48. axb3 a3 49. Qe2 Ra7 50. d4 Bxd4 51. Rxf7+ Qxf7 52. Rxf7+ Rxf7 0-1

[Event "BL 1011 Turm Emsdetten - Hamburger SK"]
[Site "?"]
[Date "2011.03.19"]
[Round "12.1"]
[White "Ghaem Maghami, Ehsan"]
[Black "Spoelman, Wouter"]
[Result "1/2-1/2"]
[WhiteElo "2594"]
[BlackElo "2538"]
[PlyCount "166"]
[EventDate "2011.??.??"]

1. e4 c5 2. Nf3 d6 3. d4 cxd4 4. Nxd4 Nf6 5. Nc3 a6 6. Bc4 e6 7. O-O Be7 8. Bb3
O-O 9. f4 Nbd7 10. Be3 Nc5 11. Qf3 Qc7 12. f5 b5 13. a3 e5 14. Nde2 Bb7 15. Ng3
Nxb3 16. cxb3 d5 17. Nxd5 Nxd5 18. exd5 Rad8 19. Rad1 Qc2 20. b4 f6 21. Rf2 Qc4
22. Rfd2 Rd7 23. Qe4 Rc8 24. Qxc4 Rxc4 25. Ne2 g6 26. fxg6 hxg6 27. Nc1 f5 28.
Nb3 f4 29. Bb6 e4 30. d6 Bd8 31. Bxd8 Rxd8 32. Na5 e3 33. Nxc4 exd2 34. Na5 Bd5
35. Rxd2 Rxd6 36. Nb3 Kf7 37. Nc5 Ke7 38. Nxa6 Bc6 39. Re2+ Kf6 40. Nc5 Kf5 41.
Kf2 g5 42. h3 Rd1 43. Nb3 Bd5 44. Nd2 Rc1 45. Nf3 Kf6 46. Rd2 Bc4 47. g3 Rf1+
48. Kg2 Rb1 49. g4 Bf1+ 50. Kh2 Bc4 51. h4 gxh4 52. Rd4 Rxb2+ 53. Kh3 Rb3 54.
Rxf4+ Kg7 55. Kxh4 Rxa3 56. Ne5 Ra4 57. Nc6 Bd5 58. Nd4 Bc4 59. Kg5 Rxb4 60.
Ne6+ Kh7 61. Rd4 Ra4 62. Rd7+ Kh8 63. Nf4 Kg8 64. Ng6 Ra1 65. Ne5 Ra6 66. Rb7
Rd6 67. Kf5 Bd3+ 68. Kf4 Rf6+ 69. Kg5 Rd6 70. Kf4 Rf6+ 71. Ke3 Bc4 72. Ke4 Rf1
73. g5 Rf2 74. g6 Be6 75. Rxb5 Bf5+ 76. Ke3 Rg2 77. Rb6 Kg7 78. Kf3 Rg1 79. Kf4
Bxg6 80. Rb7+ Kf6 81. Ng4+ Ke6 82. Rb6+ Kf7 83. Ne5+ Kg7 1/2-1/2

[Event "BL 1011 Turm Emsdetten - Hamburger SK"]
[Site "?"]
[Date "2011.03.19"]
[Round "12.2"]
[White "Hector, Jonny"]
[Black "Baramidze, David"]
[Result "1-0"]
[WhiteElo "2592"]
[BlackElo "2542"]
[PlyCount "57"]
[EventDate "2011.??.??"]

1. e4 e5 2. Nf3 Nc6 3. Bc4 Bc5 4. b4 Bxb4 5. c3 Be7 6. d4 Na5 7. Nxe5 Nxc4 8.
Nxc4 d5 9. exd5 Qxd5 10. Ne3 Qd7 11. O-O Nf6 12. Nd2 O-O 13. Nf3 b6 14. Ne5 Qe6
15. f4 Bb7 16. c4 Rad8 17. d5 Qc8 18. Qf3 b5 19. Rd1 Bc5 20. Kh1 bxc4 21. N5xc4
Nxd5 22. Nxd5 Qf5 23. Nce3 Qe6 24. Bb2 Rfe8 25. f5 Qh6 26. Qg3 Kh8 27. Ng4 Qd6
28. Ne5 Kg8 29. f6 1-0

[Event "BL 1011 Turm Emsdetten - Hamburger SK"]
[Site "?"]
[Date "2011.03.19"]
[Round "12.3"]
[White "Hansen, Sune Berg"]
[Black "Janssen, Ruud"]
[Result "1/2-1/2"]
[WhiteElo "2595"]
[BlackElo "2498"]
[PlyCount "82"]
[EventDate "2011.??.??"]

1. e4 e5 2. Nf3 Nc6 3. Bb5 a6 4. Ba4 Nf6 5. O-O Be7 6. d3 d6 7. c3 O-O 8. Re1
h6 9. h3 Nh7 10. d4 Bd7 11. Be3 b5 12. Bb3 exd4 13. cxd4 Na5 14. Bc2 Nc4 15.
Bc1 c5 16. Qd3 Re8 17. Nbd2 Nb6 18. Nf1 Rc8 19. Ng3 cxd4 20. Nxd4 Bf6 21. Re2
Nf8 22. Ndf5 Bxf5 23. Nxf5 d5 24. Bb3 Nc4 25. exd5 Rxe2 26. Qxe2 Ng6 27. a4
Qxd5 28. axb5 axb5 29. Ne3 Qe6 30. Qh5 Nge5 31. Rb1 Qd7 32. Nxc4 bxc4 33. Bc2
Nd3 34. Be3 Bd4 35. Qf3 Re8 36. b3 Bxe3 37. fxe3 cxb3 38. Bxb3 Ne5 39. Qe4 Qd3
40. Qxd3 Nxd3 41. Bd5 Re7 1/2-1/2

[Event "BL 1011 Turm Emsdetten - Hamburger SK"]
[Site "?"]
[Date "2011.03.19"]
[Round "12.4"]
[White "Brandenburg, Daan"]
[Black "Ftacnik, Lubomir Dr"]
[Result "1/2-1/2"]
[WhiteElo "2519"]
[BlackElo "2568"]
[PlyCount "71"]
[EventDate "2011.??.??"]

1. e4 c5 2. c3 d5 3. exd5 Qxd5 4. d4 g6 5. Nf3 Bg7 6. Na3 cxd4 7. Nb5 Na6 8.
Be3 Nh6 9. Bxd4 Bxd4 10. Qxd4 Qxd4 11. Nbxd4 O-O 12. Bxa6 bxa6 13. O-O-O Ng4
14. Rhe1 Re8 15. h3 Nf6 16. Ne5 Bb7 17. f3 Rac8 18. c4 Nd5 19. Nc2 Nf4 20. Rd7
Ba8 21. g3 Nxh3 22. b3 f6 23. Nd3 e5 24. Re3 Ng5 25. Nde1 f5 26. Rxa7 f4 27.
gxf4 exf4 28. Rd3 Ne6 29. Rdd7 h5 30. Rh7 Rcd8 31. Nb4 a5 32. Nbc2 Rd6 33. Ng2
Bxf3 34. Nxf4 Nxf4 35. Rag7+ Kf8 36. Rf7+ 1/2-1/2